000 00668nam a2200253Ia 4500
003 OSt
005 20221007100712.0
006 a|||||r|||| 00| 0
007 ta
008 221006b |||||||| |||| 00| 0 eng d
024 _a4,943
037 _cTextual
040 _aLCO
_cLCO
_beng
041 _2eng
_aeng
082 _aW95, L7.2
100 _aSHARMA S K
245 0 _aDynemics of development
_b An Introduction
260 _aDelhi
_bConcept pub.
_c1977
300 _a716
490 _vVol - 2
650 _aDYNEMICS OF DEVELOPMENT
_9702000
942 _hW95, L7.2
_cTEXL
999 _c1174506
_d1174506